Acute childhood leukemia / (Record no. 44523)
[ view plain ]
| 000 -LEADER | |
|---|---|
| fixed length control field | 00858cam9a220026500 4500 |
| 001 - CONTROL NUMBER | |
| control field | lce00047205 |
| 008 - FIXED-LENGTH DATA ELEMENTS--GENERAL INFORMATION | |
| fixed length control field | 760301s1975 sz a b 000 0 eng |
| 010 ## - LIBRARY OF CONGRESS CONTROL NUMBER | |
| LC control number | 75327572 //r88 |
| 015 ## - NATIONAL BIBLIOGRAPHY NUMBER | |
| National bibliography number | Sw*** |
| 020 ## - INTERNATIONAL STANDARD BOOK NUMBER | |
| Terms of availability | 98.00F ( |
| -- | 4.75 U.S.) |
| 035 ## - SYSTEM CONTROL NUMBER | |
| System control number | (Sirsi) r68013 |
| 035 ## - SYSTEM CONTROL NUMBER | |
| System control number | (DLC) 75327572 //r88 |
| 035 ## - SYSTEM CONTROL NUMBER | |
| System control number | (UPRA)lce00047205 |
| 040 ## - CATALOGING SOURCE | |
| Modifying agency | UPRA |
| 050 0# - LIBRARY OF CONGRESS CALL NUMBER | |
| Classification number | RJ23 |
| Item number | .M6 vol. 16 |
| Classification number | RJ416.L4 |
| 082 ## - DEWEY DECIMAL CLASSIFICATION NUMBER | |
| Classification number | 618.9/2/0008 s |
| -- | 618.9/21/55 |
| 245 00 - TITLE STATEMENT | |
| Title | Acute childhood leukemia / |
| Statement of responsibility, etc. | volume editor, Carl Pochedly. |
| 260 ## - PUBLICATION, DISTRIBUTION, ETC. | |
| Place of publication, distribution, etc. | Basel ; New York : |
| -- | Basel ; New York : |
| Name of publisher, distributor, etc. | S. Karger, |
| Date of publication, distribution, etc. | 1975. |
| 440 #0 - SERIES STATEMENT/ADDED ENTRY--TITLE | |
| Title | Modern problems in paediatrics ; |
| Volume/sequential designation | v. 16 |
| Linkage | S5074.1 |
| 504 ## - BIBLIOGRAPHY, ETC. NOTE | |
| Bibliography, etc. note | Includes bibliographies. |
| 650 #0 - SUBJECT ADDED ENTRY--TOPICAL TERM | |
| Topical term or geographic name entry element | Leukemia in children. |
| Linkage | S20985.1 |
| 700 1# - ADDED ENTRY--PERSONAL NAME | |
| Personal name | Pochedly, Carl. |
| Linkage | A28923.1 |
| 949 ## - LOCAL PROCESSING INFORMATION (OCLC) | |
| a | RJ23 |
| w | LC |
| i | -91178 |
| m | MEDICAL |
| t | BOOK |
| l | ON-SHELF |
| Withdrawn status | Lost status | Source of classification or shelving scheme | Damaged status | Not for loan | Home library | Current library | Shelving location | Total Checkouts | Full call number | Barcode | Date last seen | Copy number | Price effective from | Koha item type |
|---|---|---|---|---|---|---|---|---|---|---|---|---|---|---|
| Library of Congress Classification | Medical Library | Medical Library | On Shelf | RJ23 | -91178 | 08/13/2019 | 1 | 08/13/2019 | Book |